[Event "Hoogovens-B"]
[Site "Wijk aan Zee"]
[Date "1999.01.21"]
[Round "3"]
[White "Van der Wiel, John"]
[Black "De Vreugt, Dennis"]
[Result "1-0"]
[WhiteElo "2529"]
[BlackElo "2378"]
[Annotator "Mikhalevski,V"]
[PlyCount "83"]
[EventDate "1999.01.19"]
[EventType "tourn"]
[EventRounds "11"]
[EventCountry "NED"]
[EventCategory "11"]
[SourceTitle "CBM 069"]
[Source "ChessBase"]
[SourceDate "1999.04.01"]
[SourceVersion "1"]
[SourceVersionDate "1999.04.01"]
[SourceQuality "1"]

1. e4 e5 2. Nf3 Nc6 3. d4 exd4 4. Nxd4 Bc5 5. Be3 Qf6 6. c3 Nge7 7. Bc4 O-O (
7... Ne5 {is much more popular.}) 8. O-O Bb6 9. Na3 Qg6 (9... Nxd4 $5) (9...
Rd8 $143 {[%cal Gd7d5]} 10. Qh5 $1 {[%cal Ge3g5]} h6 11. Ndb5 $1) 10. Nxc6 ({
White tried also:} 10. Re1 Ne5 11. Bf1 d5 12. Bf4 f6 13. exd5 Nxd5 14. Bg3 Bg4
15. Qb3 Rad8 16. Nc4 Nxc4 17. Bxc4 c6 18. a4 $14 {1-0 Arakhamia,K-Jackova,J/
Elista RUS 1998 (40)}) (10. f3 Rd8 {[%cal Gd7d5]} 11. Ndc2 Ne5 12. Bb3 d5 $1
13. exd5 Bh3 $1 {[%cal Ge7d5]} (13... Nd3 $13 {1/2-1/2 Hernandez,G-Milos,G/
Guarapuava 1992/EXT 98 (32)})) 10... bxc6 (10... Nxc6 11. Bxb6 axb6 12. Nb5 $1
$16 {1-0 Borge,N-Hedlund,B/Gausdal 1992/TD (32)}) 11. Re1 Kh8 $5 $146 {[%cal
Gf7f5] Black has another idea in his mind.He has been preparing f7-f5.} (11...
d6 12. Qd2 Bb7 13. Rad1 h6 14. Nc2 Rad8 15. Qc1 Rfe8 16. f3 Qf6 17. Kh1 Ng6 18.
Bd4 Qh4 19. Bf1 d5 20. exd5 cxd5 $11 {0-1 Leko,P-Van der Sterren,P/Nettetal
1992/CBM 28 (32)}) ({Immediate} 11... d5 $1 {looks very interesting.The
following variations show that Black has good chances to equalize:} 12. exd5
Bg4 $1 (12... Bh3 $143 13. Qf3 Bg4 14. Qf4 $1 (14. Qg3 $143 Nf5 15. Qf4 Nxe3
16. fxe3 cxd5 17. Bxd5 Rad8 $44) 14... Nxd5 15. Bxd5 cxd5 16. Bxb6 cxb6 17. Re5
$14 {[%cal Ge5g5,Ga3b5,Gb5d4,Ga1e1]}) 13. f3 (13. Qd2 Bf3 (13... Nxd5 14. Bxd5
cxd5 15. Qxd5 Rad8 16. Qg5 $1 $16) 14. Bg5 $1 {[%cal Gc4d3,Ge1e7]} Nf5 $1 (
14... Nxd5 $5 15. Bd3 $1 {[%cal Gg2f3]} f5 (15... Be3 $2 16. Bxg6 Bxd2 17. Bxd2
$18) 16. gxf3 h6 17. c4 Nf6 $13) 15. gxf3 Nh4 $1 16. Be2 f6 $1 17. dxc6 Rad8 $1
18. Qf4 fxg5 19. Qc4+ Kh8 $44 {[%csl Gb6,Rf2,Rf3,Rg1]}) 13... Bh3 $1 (13...
cxd5 14. fxg4 dxc4 15. Nxc4 $16) 14. Qd2 (14. Qc2 Bf5 $11 {[%cal Ge7d5]}) 14...
cxd5 15. Bd3 Bf5 16. Bxb6 Qxb6+ 17. Kh1 Bxd3 18. Rxe7 Rfe8 $1 19. Rae1 (19.
Rxe8+ $140 Rxe8 20. Qxd3 Qxb2) 19... Rxe7 20. Rxe7 Qd6 $1 $11) 12. Bd3 d6 13.
Nc2 (13. Nc4 $5 Bg4 (13... Bh3 14. Qf3 Bg4 15. Qg3 $14) 14. f3 Bxe3+ 15. Nxe3
Be6 $14) 13... f5 {In according to a plan.} (13... Bg4 14. f3 Bh3 15. Qd2 f5
16. Bxb6 $1 axb6 17. Kh1 $1 fxe4 18. Rxe4 Bf5 19. Rxe7 Bxd3 20. Nb4 $14) 14. e5
(14. Qf3 $6 {[%cal Gf3f8]} Bd7 {[%cal Gf5e4]} 15. e5 $140 dxe5 16. Bxb6 e4 $1)
14... dxe5 15. Bxb6 axb6 16. Rxe5 Qf6 17. Re1 $1 ({After} 17. Qe1 Ng6 18. Re8
Bd7 $1 $11 {Black equalizes with ease.} (18... Nf4 $6 19. Qe5 $1 {[%cal Ge5f6]}
Nh3+ $1 20. Kf1 $1 (20. Kh1 Nxf2+ 21. Kg1 Nh3+) (20. gxh3 $4 Qg6+) 20... Ba6 $1
21. Bxa6 $1 Rfxe8 $1 (21... Raxe8 22. Qxf6 Rxf6 23. gxh3 $16) 22. Qxf6 gxf6 23.
Bb7 $1 Rad8 (23... Rab8 24. Bxc6 Re6 $140 25. Nd4 {[%mdl 2048]}) (23... Nf4 24.
Bxc6 $1 $16) 24. gxh3 Rd2 25. Ne3 Rxb2 (25... f4 26. Bxc6 {[%cal Ge3c4]}) 26.
Bxc6 Rd8 27. a4 $1 Rdd2 28. Nd1 $16)) 17... c5 $1 (17... Bd7 18. Bc4 (18. Qf3
Ng6 $1 $11) 18... Rad8 19. Qd4 $1 Ng6 (19... Qxd4 20. Nxd4 $14) 20. Qxf6 $1 (
20. Rad1 Qg5 $1 {[%cal Gg6h4,Gc6c5]}) 20... Rxf6 21. Rad1 Rd6 {[%cal Gd8e8,
Gg6e5]} 22. b4 $1 $14 {[%csl Rc6]}) 18. Qf3 Bd7 19. Qf4 Ng6 $5 {[%mdl 512] An
interesting sacrifice.Suddenly all black pieces develop a powerful pressure.
White has to be very careful.} (19... Nd5 $5 20. Qe5 (20. Qf3 Bc6) 20... Qxe5
21. Rxe5 Nf4 22. Bc4 Rfe8 23. Rae1 Rxe5 24. Rxe5 Re8 25. Rxe8+ Bxe8 26. Ne3 $14
{[%csl Rb6,Rc7][%cal Gg2g3] with slightly better endgame.}) 20. Qxc7 Bc6 $1 {
[%cal Gg6h4,Ga8d8]} 21. Rad1 $5 Nh4 $1 (21... Rxa2 22. Qxb6 $1 Nf4 (22... Nh4
$6 23. Bf1 (23. Qxc5 $5 {[%cal Ge1e6]}) 23... Nf3+ $140 24. gxf3 Qg5+ 25. Bg2
Bxf3 26. Ne3 Bxd1 27. Qxc5 $1 $18) 23. Ne3 $16 Bxg2 $140 $2 24. Qxf6 gxf6 25.
Nxg2 Rg8 26. Kh1 $3 Rxg2 (26... Nxg2 27. Rg1 Nf4 28. Rxg8+ Kxg8 29. Bc4+) 27.
Re8+ Kg7 28. Bc4 $18 {[%cal Rc4a2,Re8g8]}) 22. Bf1 Be4 $2 {A serious mistake.}
({After} 22... f4 $1 {[%cal Gh4f3] with the idea Nf3 black reaches a draw.} 23.
Rd6 (23. Qd6 $2 Nf3+ 24. gxf3 (24. Kh1 Nxe1 $19) 24... Qg5+ 25. Bg2 Bxf3) 23...
Nf3+ 24. Kh1 (24. gxf3 $4 Qg5+ 25. Bg2 Bxf3 $19) 24... Qh4 25. gxf3 $8 Bxf3+
26. Bg2 Qxf2 ({An attempt to play for a win by} 26... Bxg2+ $2 27. Kxg2 f3+ 28.
Kh1 Qxf2 {leads to an opposite result after} 29. Rg1 Rg8 (29... Qxc2 $140 $4
30. Qxg7#) 30. Rd7 $1 Rac8 31. Qe5 $1 Rce8 32. Rgxg7 $1 (32. Rdxg7 $2 Qxg1+ $1
33. Rxg1+ Rxe5) 32... Qf1+ (32... Rxe5 33. Rxh7#) 33. Rg1+ Rxe5 34. Rxf1 Re2
35. Ne1 $18) 27. Rg1 (27. Bxf3 Qxf3+ 28. Kg1 Qg4+ 29. Kh1 (29. Kf2 $2 f3 $19 {
[%cal Gg4g2,Gg4h4]}) 29... Qf3+ $11) 27... Bxg2+ 28. Rxg2 Qf1+ 29. Rg1 Qf3+ $11
) 23. Na3 $1 $16 {Now f4 is impossible.} Rae8 {[%cal Gf5f4]} 24. Qf4 $1 (24.
Nc4 f4 25. Nd6 (25. Rxe4 $5 Rxe4 26. Nxb6) 25... Nf3+ $1 26. Kh1 $8 (26. gxf3
Qg6+ $1 27. Bg2 Bxf3 28. Nf7+ Kg8 $1 $19) 26... Qh4 27. gxf3 Bxf3+ 28. Bg2 Qxf2
(28... Rxe1+ 29. Rxe1 Qxf2 30. Rg1 Bxg2+ 31. Rxg2 Qf1+ $11) 29. Bxf3 $1 Qxf3+ (
29... Rxe1+ 30. Rxe1 Qxe1+ 31. Kg2 $13) 30. Kg1 Re2 31. Rxe2 Qxe2 32. Nf7+ Kg8
33. Rd8 $1 $11) 24... Ng6 $1 25. Qd2 $1 {[%mdl 256]} Ne5 (25... f4 26. f3 $16)
(25... Nh4 $5) 26. f3 $5 (26. f4 $142 $1 {Stopping Black's attack.}) 26... Qg6
$1 (26... Bxf3 27. Rxe5 $1 $16) 27. Kf2 $1 (27. Kh1 Nxf3 28. gxf3 Bxf3+ 29. Bg2
Bxd1 (29... Rd8 30. Bxf3 $1) 30. Rxd1 $13) 27... Qh5 $3 {[%mdl 128]} 28. Qf4 $1
{[%mdl 256]} (28. fxe4 $2 Ng4+ $1 29. Ke2 fxe4 $1 $19 {[%cal Gf8f2]}) 28... g5
29. Qg3 $8 f4 30. Qh3 Qxh3 31. gxh3 Bxf3 32. Rd6 {[%csl Rb6]} Ba8 $2 ({Black
still could hold the position by} 32... g4 $3 {Rare example of an attack at
the endgame.} 33. Bb5 $1 (33. hxg4 $4 Nxg4+ 34. Kxf3 Nxh2+ 35. Kg2 (35. Kf2
Ng4+ $19) 35... Rxe1 $19) ({After} 33. Nc4 $2 {Black can realize unique
combination.} g3+ $1 34. hxg3 Ng4+ $3 35. hxg4 (35. Kxf3 Rxe1 36. hxg4 Rxf1+
$17) 35... fxg3+ 36. Kxg3 Rxe1 $17) 33... Re7 (33... g3+ $5 34. hxg3 fxg3+ 35.
Kxg3 Re7 $36 {[%csl Rg3][%cal Ge7g7]}) 34. hxg4 Nxg4+ 35. Kxf3 Nxh2+ 36. Kf2 (
36. Kg2 $2 Rxe1 37. Kxh2 f3 38. Nc4 Rg8 $1 $19 {[%cal Gg8g2]}) 36... Ng4+ 37.
Kf1 Nh2+ $11) 33. Bb5 Re7 34. Nc4 $1 Nxc4 35. Bxc4 {[%csl Rb6]} Rxe1 36. Kxe1
Bg2 $2 (36... Rb8 37. a4 $14) 37. h4 $5 (37. Rxb6 $5 {[%cal Ga2a4]}) 37... g4
38. Kf2 $1 $16 Be4 39. h5 $1 {[%csl Rh8][%cal Gh5h6]} (39. Rxb6 Rd8 40. Rf6
Rd2+ 41. Ke1 Rxb2 42. Rxf4 Bf3 43. h3 h5 $132) 39... b5 $2 (39... Rb8 $8) 40.
Bxb5 $18 Kg7 41. h6+ Kf7 (41... Kh8 42. a4 $18) 42. Bc4+ (42. Bc4+ Ke7 43. Re6+
$18) 1-0

[Event "Sarkisov Memorial"]
[Site "Krasnodar"]
[Date "1999.??.??"]
[Round "2.4"]
[White "Maiorov, Oleg Ivanovich"]
[Black "Kuzmin, Gennadi P"]
[Result "0-1"]
[WhiteElo "2400"]
[BlackElo "2546"]
[Annotator "Mikhalevski,V"]
[PlyCount "58"]
[EventDate "1999.??.??"]
[EventType "tourn"]
[EventRounds "14"]
[EventCountry "RUS"]
[EventCategory "9"]
[SourceTitle "CBM 075"]
[Source "ChessBase"]
[SourceDate "2000.04.05"]
[SourceVersion "1"]
[SourceVersionDate "2000.04.05"]
[SourceQuality "1"]

1. e4 e5 2. Nf3 Nc6 3. d4 exd4 4. Nxd4 Nf6 5. Nxc6 bxc6 6. e5 Qe7 7. Qe2 Nd5 8.
c4 Nb6 (8... Ba6 {is the main line.}) 9. f4 $6 {Too early.White should think
about development of his pieces.} (9. Nc3 Qe6 10. Qe4 Bb4 11. Bd2 Ba6 12. b3
Bxc3 13. Bxc3 d5 14. Qh4 $1 {has become a main line after Kasparov-Adams,
Sarajevo 1999}) (9. Nd2 $5) 9... Qe6 10. Nd2 d5 (10... Be7 11. Qe4 d5 12. cxd5
cxd5 13. Qc2 c5 14. Nf3 O-O 15. Bd3 f5 16. g4 $13 {1-0 Moe,M-Christensen,B/
Denmark 1992/EXT 2000 (24)}) 11. exd6 Bxd6 $1 {Kuzmin shows to White that
development is more important than a temporary weaknesses.} 12. Ne4 O-O $1 {
[%csl Re1]} 13. Nxd6 (13. c5 Ba6 $1 14. f5 (14. Qf3 Bxf1 15. Kxf1 (15. f5 Qc4 (
15... Qe5 $5 {see 14.f5}))) 14... Qe5 15. Qf3 Bxf1 (15... Rae8 16. Bxa6 Qxe4+
17. Qxe4 Rxe4+ 18. Kf2 Bxc5+ 19. Kf3 Re7 $1 $17 {[%cal Gf8e8]}) 16. Kxf1 (16.
cxd6 Bc4 $19 {[%csl Re1]}) 16... Bxc5 17. Nxc5 Qxc5 $17 {[%csl Rf1]}) (13. b3
$5 {was probably the best defence.}) 13... Qxd6 14. Be3 Ba6 $1 {[%csl Re1]
Initiative is the only thing Black needs here.The fruits of 7.f4?! are seen
with a naked eye.} (14... Na4 $6 15. b3 Nc3 $2 16. Qd3 (16. Qc2 $18) 16... Qb4
$2 17. a3 Qxb3 18. Rc1 $18 {1-0 Medvegy,N-Schlusnik,N/Hungary 1998/EXT 2000 
(30)}) 15. Rd1 (15. b3 Nd5 $1 $19) (15. c5 $5 Bxe2 $5 (15... Qe7 16. Qf3 $1 {
[%cal Ge1f2]} (16. Qf2 Nd5 $1 17. Bxa6 Nxe3 $19 {[%csl Re1]})) 16. cxd6 Bxf1
17. Rxf1 cxd6 $17) 15... Qb4+ $1 16. Qd2 Qe7 $1 {[%cal Ge7e1] Certainly Black
doesn't want to exchange queens to win a pawn.White's king is the main target!}
17. b3 $2 {[%mdl 8192]} (17. c5 Rad8 18. Qc1 Rxd1+ 19. Kxd1 Nd5 $19 {[%csl Rd1]
}) (17. Kf2 $142 $17 {was the last chance.Now Black wins by force.}) 17... Rfe8
18. Kf2 Rad8 19. Bd3 Bxc4 $1 $19 {[%mdl 64] The rest is a matter of technics
and Kuzmin demonstrate it winning in style.} 20. Qe2 (20. bxc4 Nxc4 {[%csl Rd2,
Re3][%cal Gd8d2,Gc4e3]} 21. Qe2 (21. Bxh7+ Kxh7 22. Qc2+ Kg8 23. Bxa7 Ne3 $1 {
[%cal Re3c2,Re3d1]} 24. Bxe3 Qxe3+ 25. Kf1 Rd4 $1 {[%cal Rd4f4]} 26. g3 $140 (
26. Rxd4 Qe1#) 26... Qf3+ {[%csl Rd1]}) 21... Nxe3 $19 {[%cal Ge7c5,Ge7h4]})
20... Bxd3 21. Rxd3 Nd5 $1 {[%csl Re2][%cal Gd5f4]} 22. g3 Rd6 $1 {[%cal Gd6e6,
Re7e2] Bringing the rook to e6 Black creates a mortal pin along the e-file} 23.
Re1 Re6 24. Qd2 (24. Qf3 {was a little more stubborn.}) 24... h5 25. Kf3 Re4 {
[%cal Ge7e6,Ge6h3]} 26. a3 {White is lack of useful moves and just waits for a
comfortable moment to resign.} (26. Bc5 Qe6 27. Rxe4 Qxe4+ 28. Kf2 Qh1 $19 {
[%csl Re4,Rg4,Rh2][%cal Gd5f6]}) 26... Qe6 27. b4 (27. Kf2 h4 $1 $19 {[%csl
Rg3][%cal Ge6h3]}) 27... Qh3 {[%cal Gd5f4,Gd5e3] White is helpless against
innummerable threats of all black pieces.} 28. Bf2 ({Waiting move} 28. a4 {
is stronly met by} Nxe3 29. Rdxe3 (29. Rexe3 Rxf4+ 30. Ke2 (30. Kxf4 Qg4#)
30... Qf1#) 29... Rxf4+ $3 30. Ke2 (30. Kxf4 Qg4#) 30... Qg4+ $1 31. Kd3 Rd8+
$19) 28... Qg4+ (28... Nxf4 $5 {[%cal Gh3g2,Gh3g4] was another decisive blow.}
29. Rxe4 (29. Be3 g5 $1) 29... Qg2+ 30. Kxf4 Qxe4+ 31. Kg5 Qg4#) 29. Kg2 Rxe1 {
This game is a good example how one should panish the opponent for
neglectecting principles of development.} (29... Rxe1 30. Bxe1 Re2+ $19) 0-1

[Event "Rubinstein Memorial 35th"]
[Site "Polanica Zdroj"]
[Date "1998.08.17"]
[Round "1"]
[White "Rublevsky, Sergei"]
[Black "Macieja, Bartlomiej"]
[Result "1-0"]
[WhiteElo "2685"]
[BlackElo "2490"]
[Annotator "Mikhalevski,V"]
[PlyCount "73"]
[EventDate "1998.08.17"]
[EventType "tourn"]
[EventRounds "11"]
[EventCountry "POL"]
[EventCategory "17"]
[SourceTitle "CBM 067"]
[Source "ChessBase"]
[SourceDate "1998.11.30"]
[SourceVersion "2"]
[SourceVersionDate "1998.11.01"]
[SourceQuality "1"]

{[%mdl 14816]} 1. e4 e5 2. Nf3 Nc6 3. d4 exd4 4. Nxd4 Bc5 5. Be3 Qf6 6. c3 Nge7
7. Bc4 Ne5 8. Be2 Qg6 9. O-O d6 10. Kh1 (10. Bh5 {A good move for a draw
lovers.} Qxe4 11. Nd2 Qd3 (11... Qh4 12. Nb5 O-O) 12. Be2 Qg6 13. Bh5 Qd3 (
13... Bg4 $5 {An advise for fighters.} 14. Bxg6 (14. Qa4+ Bd7 15. Qd1) 14...
Bxd1 15. Bxf7+ (15. Ne6 $2 Bxe3 16. Nxc7+ (16. fxe3 hxg6 17. Nxc7+ Kd7 18. Nxa8
Bg4 $17) 16... Kd7 17. Nxa8 $17) 15... Nxf7 16. Raxd1 Bxd4 (16... Nd5 $5) 17.
Bxd4 Nf5) (13... Qf6 $2 14. Nb5 $1 O-O 15. Nxc7 Rb8 16. Ne4 $16) 14. Be2 Qg6
15. Bh5 Qd3 {1/2-1/2 Kotsur,P-Benjamin,J/4th World Team Ch, Lucerne SUI 1997})
(10. f3 {and}) (10. f4 {were also tried.}) 10... Ng4 $6 (10... Qxe4 $5 {
I think this move can be recommended as five games that I could find and
splendid 15...Bh3!!( see comments to Rublevsky- Svidler 1998) didn't yield
White anything visible.} 11. Nd2 Qg6 12. Nb5 {Second try.J.Lautier didn't get
anything special against Van der Sterren in 1994.} (12. Bh5 {is still enough
for moves repetition.} Qd3 13. Be2 $11 (13. Qa4+ $2 Bd7 14. Qb3 Bxd4 $1 15.
cxd4 Qxb3 16. axb3 N5g6 $17 {Makropoulou,M-Mastrovasilis,A/Komotini GP 1993/
0-1 (69)})) 12... O-O (12... Bxe3 13. Nxc7+ Kd8 14. Nxa8 $16) 13. Nxc7 Rb8 14.
Nc4 $5 $146 (14. Bf4 Bf5 $1 15. Nb3 (15. Bh5 Qf6 16. Nf3 Be4 $1 $15) 15... Bb6
16. Nb5 Rbd8 17. Qd2 N7c6 18. Be3 Bxe3 19. Qxe3 Rfe8 20. Qd2 (20. Nxa7 $2 Nd7
$1 $19) 20... d5 21. Rae1 Nc4 22. Qc1 Be4 $1 23. f3 Bf5 {xe3} 24. Bxc4 dxc4 25.
N3d4 Nxd4 26. Nxd4 Bd3 $10 {1/2-1/2 Lautier,J-Van der Sterren,P/Donner mem-A
1994 (33)}) 14... Nxc4 (14... Bh3 $142 $3 15. Rg1 (15. gxh3 $6 Nxc4 16. Bxc4
Qe4+) 15... Nxc4 16. Bxc5 (16. Bxc4 Bxe3 17. fxe3 Bf5 {and Black get the game
position with white rook on g1 instead of f1 that should be in Black's favour.}
) (16. gxh3 $2 Nxb2 $1 17. Qb1 $8 Qxb1 18. Raxb1 Bxe3 19. fxe3 Na4 $17) 16...
dxc5 17. Bxc4 Bg4 $5 $11 (17... Qb6 $13)) 15. Bxc4 Bxe3 ({Now} 15... Bh3 {
is senseless because of} 16. Qf3 (16. Rg1 Bxe3 17. fxe3 Bf5)) 16. fxe3 Bf5 {
1/2-1/2 Rublevsky,S-Svidler,P/Maikop 1998/TW 189/[Mikhalevski,V] (32) and so
on.See comment to 14...Bh3!!} (16... Bg4 $143 17. Qd2 (17. Qa4) 17... Rbc8 18.
Bd3 $1 {[%csl Ra7,Rd6][%cal Gc7b5]})) (10... O-O {is possible alternative of
10...Q:e4.} 11. Nd2 (11. f3 {and}) (11. f4 {were tried.}) 11... Ng4 12. Bf4 Nf6
({Svidler} 12... Qf6 13. Bg3 Bxd4 14. Bxg4 $14 (14. cxd4 Qxd4 15. Rc1 Nf6 (
15... Nc6 16. Rc4 $1 Qxb2 17. Rc2 $18) 16. Rxc7 Nc6 $1 $13 {/\ 17...Ne8})) (
12... Nc6 13. f3 Nf6 14. Nc4 Be6 15. Be3 Nd7 {1/2-1/2 Svidler,P-Yemelin,V/
Moscow 1994/EXP 44 (15)}) 13. Bd3 (13. f3 $5 Nh5 14. Be3 f5 $13) 13... Qg4 $1
14. Qxg4 Nxg4 15. b4 Bb6 $132 {Svidler} (15... Bxd4 $6 16. cxd4 $14 {1-0
Svidler,P-Arkhipov,S/RUS-ch 1994 (36)})) (10... c6 {was played in the first
game in 10.Kh1 line.} 11. Nd2 O-O 12. h3 f5 13. f4 Nf7 14. Bh5 Qh6 15. Qe2 fxe4
16. f5 Qf6 17. Nxe4 Qe5 18. Bf4 Qd5 19. f6 $16 {1-0 Mencinger,V-Roskar,R/Bled
op 1992 (43)}) 11. Bc1 $1 $146 {[%cal Gf2f4,Gf4f5][%mdl 8] It looks like a
refutation of 10...Ng4?!White is not in a hurry to give his bishop. Advance
f2-f4-f5 has been preparing in order to use a stray knight and it's very
difficult to find    any good defence.} (11. Bxg4 Bxg4 12. f3 Bd7 13. Nd2 O-O
14. Qb3 {was checked in the previous games.} Rab8 (14... Kh8 $2 15. Qxb7 $16 {
1-0 Milov,L-Hock,M/Berlin 1995/EXP 47 (44)}) 15. Rae1 $14 {Timmerman,G-Hector,
J/Antwerpen op 1994/1/2-1/2 (59)}) 11... Bd7 $1 {Probably the only defence!} (
11... O-O $2 12. f4 {[%csl Rg4][%cal Gf4f5] and it's difficult to find a good
defence against f4-f5 as} Nf6 $4 {loses after} ({or} 12... f5 $2 13. exf5 Nxf5
14. Bxg4 Nxd4 15. Bxc8 {and Black loses a piece.}) ({or} 12... h5 13. f5 Qf6
14. Bxg4 hxg4 (14... Bxd4 15. Bxh5 $16) 15. Qxg4 Bxd4 $140 (15... d5 16. Bg5
Qa6 17. Nd2 $18) 16. Bg5 $1 Qe5 17. cxd4 {and White wins}) 13. f5) (11... Qxe4
$4 {is impossible in view of} 12. f3) ({after} 11... Nf6 12. Nb5 $1 {is very
unpleasant.}) 12. f4 ({I think White should change his plans and to play first
} 12. f3 $5 {and in case of} Ne5 (12... Nf6 13. g4 $5 {[%cal Ge2d3,Gd4f5]} (13.
Bd3 {[%cal Ge4e5]} Qh5 14. g4 $5 {[%cal Gd4f5]})) 13. f4 {with tempo} N5c6 14.
Bh5 $1 Qxe4 (14... Qh6 15. f5 Qf6 16. Ne6 $1 {with very strong initiative.}) (
14... Qf6 $2 15. e5 $1 dxe5 ({or} 15... Qh4 16. e6 $1 $18) 16. fxe5 Qxe5 17.
Bxf7+ $18) 15. Re1 $40 {[%cal Ge1e8]}) 12... h5 $8 13. f5 Qf6 {[%cal Gf6h4]}
14. Bxg4 hxg4 15. Qxg4 Bxd4 16. cxd4 Qxd4 {[%cal Gd7f5,Ge7f5,Yd4g4]} (16... Rh4
$5 {was interesting} 17. Qf3 (17. Qe2 $6 Qxd4 18. Nc3 {[%cal Gc1g5]} Qe5 $1)
17... d5 $1 {[%csl Rd4,Rf5] The point of the previous move.Now Black get some
counter chances.} (17... Qxd4 18. Nc3 {[%cal Gc1g5]} Bc6 19. Bg5 Bxe4 $140 $2
20. Qe2 $18)) 17. Nc3 {[%cal Gc1f4,Ga1d1] White has covered first rank and
capture on f5 is impossible,but Black had at his disposal  very strong reply}
O-O-O $2 {Natural move,but a serious mistake.} ({Black should immediately to
play} 17... g6 $1 18. Qe2 (18. Qg3 gxf5 19. Bg5 Rg8 20. exf5 {[%cal Ga1e1]} f6
$140 21. Qh4 $1) (18. Bg5 gxf5 (18... f6 $6 19. Rad1) 19. Qg3 {see 18.Qg3})
18... gxf5 19. exf5 (19. Be3 Qe5 20. Bf4 Qe6) 19... Qh4 20. Bf4 {and only now}
O-O-O $13) 18. Bf4 {[%cal Ga1d1]} g6 19. Rad1 $1 {Now initiative passes to the
White's hands.This important move was impossible if Black would play g6 on the
previous move.} Qf6 (19... Qb4 20. Bg5 $1 (20. Qg5) 20... gxf5 (20... Rde8 21.
Bxe7 Rxe7 22. Nd5 Qxe4 (22... Rxe4 $2 23. Qf3 Qc4 24. b3 Qe2 (24... Qc2 25. Rc1
) 25. Qc3 $1 $18 {[%cal Gc3h8,Gc3c7]}) 23. Nxe7+ Qxe7 24. Qd4 $1 Qe5 25. Qxe5
dxe5 26. fxg6 fxg6 27. Rf7 $16) 21. Qf4 Rde8 (21... Ng6 22. Qf2 $1 {[%cal
Gf2a7,Gg5d8]}) 22. Bxe7 Rxe7 23. Nd5 Qxe4 24. Nxe7+ Qxe7 $16) 20. Qg3 $1 {
[%cal Gf4g5]} gxf5 (20... Rh5 $5) 21. e5 $1 Qg6 (21... dxe5 22. Bxe5 {[%cal
Ge5h8]}) 22. exd6 Qxg3 (22... cxd6 $142 $1 23. Rc1 $1 Kb8 $1 {Now king is just
in time to escape.} 24. Bxd6+ Ka8 25. Qxg6 Nxg6 26. Rcd1 $1 {and White is
better,but have to overcome a lot of technical problems to win the game.}) 23.
Bxg3 cxd6 24. Rc1 $1 {[%csl Rc8,Rd6,Rf5,Rf7][%cal Gc3b5] Now attack goes on
despite relatively small amount of left peaces and Black's king has no time to
escape.} Bc6 $8 25. Nb5 Rh6 $8 26. Rfd1 $1 {Now Black has to weaken b8-g1
diagonal.Bishop on g3 has become a strong headache for Black(please compare
with its colleague)} d5 {[%csl Rc6,Gg3]} 27. b4 $1 {[%cal Gb5a7,Gb4b5] White
prefers attack.Capture on a7 could give good counterplay.} a6 ({or} 27... Kd7
28. Nd4 a6) 28. Nd4 {[%cal Ga2a4,Gb4b5]} Kd7 29. a4 $1 {[%cal Gb4b5]} Ke8 $2 {
Now it's finished.} (29... Rg8 $1 {[%cal Gg8g3] was the only cnance to
continue.} 30. Bf4 (30. Rd3 $5 $36) 30... Rh4 (30... Rhg6 31. b5 axb5 32. axb5
Rxg2 33. bxc6+ bxc6 34. Nxc6 $1 $18) 31. g3 Rxf4 32. gxf4 Bxa4 $14) (29... b5
30. axb5 axb5 31. Ra1 (31. Re1 $5)) (29... Bxa4 $2 30. Rc7+ Ke8 31. Re1) 30.
Re1 $1 $18 {[%cal Gd4f5,Ye1e7]} Bd7 $8 31. Rc7 {[%cal Ge1e7,Gc7b7,Gd4f5]} Kf8 (
31... Rh7 $8 {saves a piece,but of course not the game.} 32. Bd6 f6 33. Rxb7
$18) (31... Be6 32. Rxe7+ $1 Kxe7 33. Nxf5+ Kf6 34. Nxh6 Kg6 35. Bf4 $18) 32.
Rxe7 $1 Kxe7 33. Nxf5+ Kf6 34. Nxh6 Kg6 35. Bh4 $1 Rc8 36. Rxc8 Bxc8 37. Ng8 {
White's knight has reached the final point in its race and it's good time to
resign.} 1-0

[Event "EU-chT (Men) 11th"]
[Site "Pula"]
[Date "1997.05.??"]
[Round "8.4"]
[White "Belotti, Bruno"]
[Black "Grabarczyk, Miroslaw"]
[Result "0-1"]
[WhiteElo "2405"]
[BlackElo "2480"]
[Annotator "Mikhalevski,V"]
[PlyCount "44"]
[EventDate "1997.05.05"]
[EventType "team-swiss"]
[EventRounds "9"]
[EventCountry "CRO"]
[SourceTitle "CBM 057 Extra"]
[Source "ChessBase"]
[SourceDate "1997.05.01"]
[SourceVersion "1"]
[SourceVersionDate "1997.05.01"]
[SourceQuality "1"]
[WhiteTeam "Italy"]
[BlackTeam "Poland"]
[WhiteTeamCountry "ITA"]
[BlackTeamCountry "POL"]

1. e4 e5 2. Nf3 Nc6 3. d4 exd4 4. Nxd4 Nf6 5. Nxc6 bxc6 6. e5 Qe7 7. Qe2 Nd5 8.
c4 Nb6 9. g3 g6 (9... f6 $6 10. exf6 gxf6 11. b3 (11. Bf4) 11... Bb7 (11... d5
$142 12. Bb2 Bg4 13. Qxe7+ Bxe7 14. Nd2 Bb4 15. Be2 Bxe2 16. Kxe2 Kf7 $14) 12.
Bb2 O-O-O 13. Qxe7 Bxe7 14. Nd2 d5 15. O-O-O Rhf8 16. Bd3 f5 17. Rhe1 Bc5 18.
f4 $16 {1-0 Olsson,K-Gramer,K/Stockholm op 1993 (25)}) (9... Qe6 10. Nd2 Be7
11. b3 Bb7 12. Bg2 O-O 13. Bb2 a5 14. a4 d5 15. exd6 Qxe2+ 16. Kxe2 cxd6 $14 {
1-0 Turzo,A-Chusova,E/Zalakaros op 1995 (37)}) 10. Nd2 $6 (10. b3 Bg7 11. f4
$14 f6 $140 12. Ba3) 10... Bg7 11. Nf3 O-O 12. Bg5 Qe6 13. O-O-O a5 (13... Ba6
14. b3 Rfe8 15. h4 Bxe5 16. Nxe5 Qxe5 17. Qxe5 Rxe5 18. Bf4 Re7 19. Bxc7 d5 20.
cxd5 Rxc7 21. Bxa6 cxd5+ 22. Kd2 $14) 14. Kb1 (14. Be3 $142 Rb8 15. h4 Ba6 16.
Bxb6 Rxb6 17. Ng5 Qe7 (17... Qxe5 $2 18. Qxe5 Bxe5 19. c5) 18. f4 Rb4 19. Qd2
f6 $15) 14... Ba6 $17 15. Rc1 (15. Nd4 Bxc4 16. Nxe6 Bxe2 17. Bxe2 fxe6) 15...
Rfb8 $17 16. Rc2 (16. Nd4 Qxe5 17. Qxe5 Bxe5 $17) 16... Nxc4 $19 17. Rxc4 Rb4
18. Nd2 Bxc4 19. Nxc4 Qf5+ 20. Qd3 Qxg5 21. Qxd7 Rd8 22. h4 Rxd7 0-1